| 000 | 00848nam a2200253 a 4500 | ||
|---|---|---|---|
| 005 | 20180803164851.0 | ||
| 008 | 140224b1998 ck ||||| |||| 00| 0 spa d | ||
| 040 |
_aCO-BoIAVH _cCO-BoIAVH |
||
| 041 | 0 | _aspa | |
| 044 | _ack | ||
| 082 | 0 | 4 |
_a303.69 _bC71c |
| 110 | 1 |
_aColombia _bMinisterio del Medio Ambiente |
|
| 245 | 1 | 0 | _aConflictos ambientales y participación ciudadana, 12 estudios de caso en las regiones colombianas |
| 260 |
_aBogotá : _bMinambiente : _bEcofondo, _c1998? |
||
| 300 |
_a20 páginas ; _c28 x 21 cm. |
||
| 504 | _aIncluye referencias bibliográficas. | ||
| 650 | 2 | 6 |
_aSolución de conflictos _zColombia |
| 650 | 2 | 6 | _aMedio ambiente |
| 650 | 2 | 6 | _aParticipación comunitaria |
| 650 | 2 | 6 | _aImpacto ambiental |
| 662 | _aColombia | ||
| 710 | 2 | _aEcofondo | |
| 942 |
_cFolleto _2ddc |
||
| 999 |
_c1034 _d1034 |
||